LIBRARY & INFORMATION CENTRE, KCAET, TAVANUR

ONLINE PUBLIC ACCESS CATALOGUE (OPAC)

Introduction to artificial ground water recharge / (Record no. 10734)

MARC details
000 -LEADER
fixed length control field 00452cam a2200169ua 4500
041 ## - LANGUAGE CODE
Language code of text/sound track or separate title eng
082 ## - DEWEY DECIMAL CLASSIFICATION NUMBER
Classification number 551.49
Item number PET/IN
100 ## - MAIN ENTRY--AUTHOR NAME
Personal name Petty John, Wayne A .
245 ## - TITLE STATEMENT
Title Introduction to artificial ground water recharge /
260 ## - PUBLICATION, DISTRIBUTION, ETC. (IMPRINT)
Place of publication Jodhpur :
Name of publisher Scientific Publishers ,
Year of publication 1988.
300 ## - PHYSICAL DESCRIPTION
Number of Pages 62 ; .
942 ## - ADDED ENTRY ELEMENTS (KOHA)
Koha item type Books
Holdings
Withdrawn status Lost status Damaged status Home library Current library Date acquired Full call number Accession Number Koha item type
      KAUAET KAUAET 07/04/2012 551.49 PET/IN 16903 Books
free website counter